000 00632nam a2200193Ii 4500
003 JO-AjNU
008 230605s9999||||xx |||||||||||||| ||und||
040 _aJO-AjNU
_bara
_erda
_cJO-AjNU
041 _aara
050 1 4 _aHD62.15.H566.2009
100 3 _aالحناوي، محمد صالح/اسماعيل محمد السيد,
_eauthor
_944241
245 0 0 _aقضايا ادارية معاصرة
264 3 1 _aالاسكندرية:الدار الجامعية،2009
300 _a307ص
336 _atext
_btxt
_2rdacontent
337 _aunmediated
_bn
_2rdamedia
338 _avolume
_bnc
_2rdacarrier
650 4 _aادارة
_944242
999 _aA19087
_c22655
_d22655